Prozesse der Macht Zur Entstehung, Stabilisierung und Veränderung der Macht von Akteuren in Unternehmen

Na minha lista:
Detalhes bibliográficos
Autor principal: Sandner, Karl
Formato: Livro
Idioma:alemão
Publicado em: Berlin Springer 1990
Edição:1. Aufl.
Tags: Adicionar Tag
Sem tags, seja o primeiro a adicionar uma tag!

MARC

LEADER 00000nam a2200000 4500
001 c022623
005 20221215124810.6
041 0 |a ger 
044 |a DE 
245 1 0 |a Prozesse der Macht  |b Zur Entstehung, Stabilisierung und Veränderung der Macht von Akteuren in Unternehmen  |c Karl Sandner 
250 |a 1. Aufl. 
264 1 |a Berlin  |b Springer  |c 1990 
300 |a 268 s. 
100 1 |a Sandner, Karl